| 000 | 00396nam a2200157Ia 4500 | ||
|---|---|---|---|
| 003 | GCL | ||
| 008 | 140319s9999 xx 000 0 eng d | ||
| 040 |
_aGCL / _cGCL |
||
| 082 | 0 | 4 |
_a797.43 _bO C |
| 100 | 1 | _aORR, JOHN | |
| 245 | 1 | 0 |
_aCINEMA AND MODERNITY / _cORR, JOHN |
| 260 |
_a[S.N] : _bPOLITY PRESS ، _c1993 |
||
| 650 | 0 | 4 | _aAMERICAN CINEMA |
| 650 | 0 | 4 | _aCINEMA AND MODERN |
| 942 |
_2ddc _cBK |
||
| 999 |
_c12739 _d12739 |
||